| 000 | 01024cab a2200265 4500 | ||
|---|---|---|---|
| 001 | ABS50353 | ||
| 008 | 090401t1994 xxu||||| |||| 00| 0 eng d | ||
| 035 | _a(Sirsi) u75408 | ||
| 041 | _aeng | ||
| 100 | _aRees, W.H. | ||
| 245 | 4 | _aThe resolution of valuation disputes: the position of the expert witness | |
| 260 | _c1994 | ||
| 350 | _a0 | ||
| 490 |
_aJournal of Property Valuation and Investment _v12(1) 1994, 9-20(12) |
||
| 520 | _aDivided into two parts, the first describes the settlement of valuation disputes, and the second, the position of the valuer as an expert witness. | ||
| 650 | _aMANAGEMENT-DISPUTE AVOIDANCE, MANAGEMENT AND RESOLUTION-DISPUTE MANAGEMENT AND RESOLUTION-ARBITRATION | ||
| 650 | _aDISPUTES | ||
| 650 |
_aEXPERT WITNESS _96239 |
||
| 650 | _aLANDS TRIBUNAL | ||
| 650 |
_aValuation _96273 |
||
| 690 | _aMANAGEMENT-DISPUTE AVOIDANCE, MANAGEMENT AND RESOLUTION-DISPUTE MANAGEMENT AND RESOLUTION-ARBITRATION | ||
| 690 | _aRATING AND VALUATION | ||
| 942 | _n0 | ||
| 948 | _c04/03/1997 | ||
| 999 |
_c47482 _d47482 |
||